Physiological parameters of latex from Hevea brasiliensis. Their use in the study of the laticiferous system. Typology of functioning production mechanisms. Effect of stimulation (Record no. 65005)

MARC details
000 -LEADER
fixed length control field 00644nam a2200181Ia 4500
100 ## - MAIN ENTRY--AUTHOR NAME
Personal name Prevot J C
245 #0 - TITLE STATEMENT
Title Physiological parameters of latex from Hevea brasiliensis. Their use in the study of the laticiferous system. Typology of functioning production mechanisms. Effect of stimulation
260 ## - PUBLICATION, DISTRIBUTION, ETC. (IMPRINT)
Name of publisher Proceedings of the IRRDB Symposium: Rubber Physiology and Exploitation, China, 1986; p136-157
650 ## - SUBJECT ADDED ENTRY--TOPICAL TERM
Topical Term Hevea latex
700 ## - ADDED ENTRY--PERSONAL NAME
Personal name Eschbach J M
700 ## - ADDED ENTRY--PERSONAL NAME
Personal name Gigault J
700 ## - ADDED ENTRY--PERSONAL NAME
Personal name Jacob J L
700 ## - ADDED ENTRY--PERSONAL NAME
Personal name Lacrotte R
700 ## - ADDED ENTRY--PERSONAL NAME
Personal name Serres E
700 ## - ADDED ENTRY--PERSONAL NAME
Personal name Vidal A
942 ## - ADDED ENTRY ELEMENTS (KOHA)
Koha item type Journals
Holdings
Withdrawn status Lost status Damaged status Not for loan Home library Current library Shelving location Date acquired Koha item type
      Journals RRII Library RRII Library Physiology 17/12/2021 Journals